000 00639nam a2200217Ia 4500
005 20250108125151.0
008 008 250107s9999 xx 000 0 eng d
037 _aTB
040 _aCRL
_beng
_cCRL
041 _asan
_2eng
084 _azG:(R) R2
084 _qCRL
100 _aBhavatrata Au.; Shastri Premnidhi Ed.
_9730509
245 0 _aJaiminiy - sruta - sutra - vrtti
_cBhavatrata Au.; Shastri Premnidhi Ed.
260 _aNew Delhi, India
_bInternational Academy of Indian Culture
_c3521
300 _a348p.
365 _aINR
_b8071
650 _aPHILOSOPHY
942 _cTB
_hzG:(R) R2
999 _c1235909
_d1235909